All Cities in Botswana with 1000+ Population - Statistics

General Stats
  • This quiz has been taken 7 times
  • The average score is 14 of 306
Answer Stats
# District Subdistrict City Population (notes) % Correct
2 Francistown Francistown Francistown 103417
86%
1 Gaborone Gaborone Gaborone 246325
86%
4 North West Ngamiland East Maun 85350
86%
11 Southern Ngwaketse Kanye 48028
57%
34 Chobe Chobe Kasane 9143
57%
22 Ghanzi Ghanzi Ghanzi 19012
43%
15 Lobatse Lobatse Lobatse 29772
43%
5 Kweneng Kweneng East Molepolole 74861
43%
12 Selibe-Phikwe Selibe-Phikwe Selibe-Phikwe 42488
43%
6 Central Serowe Palapye Serowe 55676
43%
103 Sowa Sowa Sowa 2914
43%
23 Jwaneng Jwaneng Jwaneng 18784
29%
10 Central Mahalapye Mahalapye 48431
29%
9 Kgatleng Kgatleng Mochudi 50321
29%
3 Kweneng Kweneng East Mogoditshane 88004
29%
39 Orapa Orapa Orapa 8648
29%
8 Central Serowe Palapye Palapye 52636
29%
14 South East South East Ramotswa 33271
29%
7 South East South East Tlokweng 55508
29%
28 Kgalagadi Kgalagadi South Tsabong 11651
29%
20 Central Bobonong Bobonong 21216
14%
33 Kgatleng Kgatleng Bokaa 9146
14%
62 Central Tutume Chadibe 5371
14%
81 Central Mahalapye Chadibe 3678
14%
65 Ghanzi Ghanzi Charles Hill 5164
14%
58 Southern Barolong Good Hope 5672
14%
263 Ghanzi Ghanzi Groote Laagte 1206
14%
30 North West Ngamiland West Gumare 11572
14%
64 Kgalagadi Kgalagadi North Hukuntsi 5224
14%
48 Kgalagadi Kgalagadi North Kang 6764
14%
38 Chobe Chobe Kazungula 8704
14%
25 Kweneng Kweneng East Kopong 13823
14%
155 Kgalagadi Kgalagadi North Lehututu 2035
14%
13 Central Boteti Letlhakane 36404
14%
107 Kgatleng Kgatleng Malolwane 2806
14%
91 Kgatleng Kgatleng Matebeleng 3198
14%
29 Kweneng Kweneng East Metsimotlhabe 11617
14%
43 Kweneng Kweneng East Mmankgodi 7396
14%
60 Southern Barolong Mmathethe 5421
14%
16 Kweneng Kweneng East Mmopane 25460
14%
82 Kgatleng Kgatleng Modipane 3624
14%
255 Kweneng Kweneng East Mokolodi 1250
14%
72 Central Boteti Mopipi 4115
14%
18 Southern Ngwaketse Moshupa 23858
14%
41 Central Tutume Nata 7779
14%
32 Kgatleng Kgatleng Oodi 10257
14%
111 Central Serowe Palapye Paje 2735
14%
89 Kgatleng Kgatleng Pilane Station 3222
14%
50 South East South East Ramotswa Station/Taung 6286
14%
54 Kgatleng Kgatleng Rasesa 5966
14%
36 Central Mahalapye Shoshong 8887
14%
206 Kgatleng Kgatleng Sikwane 1580
14%
17 Kweneng Kweneng East Thamaga 25300
14%
19 Central Tutume Tonota 23296
14%
42 Central Boteti Tsienyane/Rakops 7439
14%
126 Kgatleng Kgatleng Artisia 2422
0%
215 North West Ngamiland West Beetsha 1502
0%
229 Kweneng Kweneng East Boatlaname 1405
0%
283 North West Ngamiland East Bodibeng 1083
0%
35 Central Tutume Borolong 8917
0%
233 Central Tutume Borotsi 1388
0%
282 Central Mahalapye Borotsi 1086
0%
219 Kweneng Kweneng West Botlhapatlou 1493
0%
248 Kgalagadi Kgalagadi South Bray 1286
0%
304 Ghanzi Ghanzi Chobokwane 1005
0%
289 Central Tutume Dagwi 1048
0%
212 Central Bobonong Damochojena 1527
0%
106 Ghanzi Ghanzi Dekar 2814
0%
230 Central Mahalapye Dibete Station 1403
0%
69 Southern Barolong Digawana 4356
0%
175 Central Serowe Palapye Dimajwe 1788
0%
179 North East North East Ditladi 1756
0%
115 Kweneng Kweneng West Ditshegwane 2607
0%
301 Central Mahalapye Dovedale 1006
0%
73 Central Tutume Dukwi 4075
0%
222 Kweneng Kweneng West Dutlwe 1464
0%
209 North West Ngamiland West Etsha 1 1554
0%
84 North West Ngamiland West Etsha 13 3401
0%
68 North West Ngamiland West Etsha 6 4570
0%
21 Kweneng Kweneng East Gabane 20027
0%
88 Kweneng Kweneng East Gakuto 3227
0%
195 Kweneng Kweneng East Gamodubu 1613
0%
276 North West Ngamiland West Gani 1119
0%
267 Southern Ngwaketse Gasita 1188
0%
279 Southern Barolong Gathwane 1099
0%
164 Central Serowe Palapye Gojwane 1888
0%
225 Central Serowe Palapye Gootau 1455
0%
191 Central Tutume Goshwe 1640
0%
59 Central Tutume Gweta 5548
0%
244 Kweneng Kweneng East Hatsalatladi 1314
0%
238 North East North East Jackalas 1 1352
0%
233 North East North East Jackalas 2 1388
0%
285 Central Tutume Jamataka 1079
0%
262 Chobe Chobe Kachikau 1214
0%
134 Central Mahalapye Kalamare 2350
0%
280 Ghanzi Ghanzi Karakobis 1096
0%
237 North West Ngamiland East Kareng 1361
0%
249 Kweneng Kweneng West Kaudwane 1283
0%
164 North West Ngamiland West Kauxwhi 1888
0%
208 Central Boteti Kedia 1563
0%
261 Southern Ngwaketse West Keng 1220
0%
199 Central Serowe Palapye Kgagodi 1593
0%
189 Southern Ngwaketse Kgomokasitwa 1669
0%
94 Southern Ngwaketse West Khakhea 3084
0%
247 Kgalagadi Kgalagadi South Khawa 1299
0%
93 Kweneng Kweneng West Khudumelapye 3135
0%
214 Central Boteti Khwee 1509
0%
158 Central Bobonong Kobojango 1981
0%
202 Central Mahalapye Kodibeleng 1589
0%
273 Southern Ngwaketse West Kokong 1141
0%
188 Kgalagadi Kgalagadi South Kokotsha 1696
0%
166 Central Mahalapye Kudumatse 1876
0%
259 Ghanzi Ghanzi Kuke 1226
0%
298 Central Boteti Kumaga 1016
0%
46 Kweneng Kweneng East Kumakwane 6826
0%
231 Central Tutume Kutamogree 1397
0%
85 Central Serowe Palapye Lecheng 3352
0%
242 Southern Ngwaketse Lekgolobotlo 1334
0%
49 Kweneng Kweneng East Lentsweletau 6653
0%
274 Kweneng Kweneng East Leologane 1128
0%
288 Central Bobonong Lepokole 1051
0%
44 Central Serowe Palapye Lerala 7204
0%
129 Central Serowe Palapye Lesenepole/Matolwane 2403
0%
257 Chobe Chobe Lesoma 1235
0%
40 Kweneng Kweneng West Letlhakeng 8343
0%
173 Kgalagadi Kgalagadi North Logkwabe 1792
0%
139 Southern Ngwaketse Lorolwana 2225
0%
183 Southern Barolong Lorwana 1721
0%
52 Southern Ngwaketse Lotlhakane 6045
0%
152 Southern Ngwaketse Lotlhakane West 2056
0%
244 Central Mahalapye Maape 1314
0%
258 Kgatleng Kgatleng Mabalane 1227
0%
128 Central Serowe Palapye Mabeleapudi 2407
0%
148 Central Tutume Mabesekwa 2085
0%
171 Kweneng Kweneng West Maboane 1811
0%
170 Southern Barolong Mabule 1835
0%
121 Southern Ngwaketse West Mabutsane 2507
0%
109 Central Mahalapye Machaneng 2786
0%
205 Central Tutume Mafongo/Hobona 1583
0%
289 Southern Barolong Magoriapitse 1048
0%
181 Southern Ngwaketse Magotlhwane 1751
0%
268 Southern Ngwaketse West Mahotshwane 1181
0%
55 Central Tutume Maitengwe 5929
0%
177 Central Serowe Palapye Majwaneng 1779
0%
201 Central Boteti Makalamabedi 1591
0%
223 North East North East Makaleng 1463
0%
141 Central Tutume Makobo 2191
0%
175 Kgalagadi Kgalagadi South Makopong 1788
0%
172 Central Mahalapye Makwate 1806
0%
277 Central Serowe Palapye Malaka 1112
0%
167 Central Serowe Palapye Malatswai 1867
0%
295 Kgatleng Kgatleng Malotwana Siding 1037
0%
227 Kweneng Kweneng West Malwelwe 1414
0%
67 Central Tutume Mandunyane 4584
0%
80 Southern Ngwaketse Manyana 3752
0%
146 Southern Ngwaketse West Maokane 2098
0%
224 North East North East Mapoka 1457
0%
123 Central Tutume Marapong 2493
0%
160 Central Tutume Marobela 1970
0%
51 North East North East Masunga 6216
0%
56 Central Tutume Mathangwane 5918
0%
118 Central Bobonong Mathathane 2587
0%
96 North West Ngamiland East Matlapana 3043
0%
265 Central Serowe Palapye Matlhakola 1192
0%
210 Central Tutume Matobo 1553
0%
75 North East North East Matshelagabedi 3987
0%
132 North East North East Matsiloje 2368
0%
215 Central Tutume Matsitama 1502
0%
78 Central Serowe Palapye Maunatlala 3862
0%
294 Southern Barolong Metlobo 1039
0%
305 Central Boteti Mmadikola 1004
0%
26 Central Bobonong Mmadinare 13198
0%
168 Kweneng Kweneng East Mmanoko 1861
0%
240 Central Mahalapye Mmaphashalala 1342
0%
100 Central Serowe Palapye Mmashoro 2939
0%
119 Kgatleng Kgatleng Mmathubudukwane 2517
0%
144 Kweneng Kweneng East Mmatseta 2120
0%
185 Central Boteti Mmatshumo 1719
0%
291 Central Tutume Mmeya 1043
0%
140 Central Serowe Palapye Mogapi 2214
0%
180 Central Serowe Palapye Mogapinyana 1754
0%
102 South East South East Mogobane 2926
0%
286 North West Ngamiland West Mogomotho 1078
0%
284 Southern Ngwaketse Mogonye 1081
0%
97 Central Serowe Palapye Mogorosi 3027
0%
122 North West Ngamiland West Mohembo West 2500
0%
87 Central Serowe Palapye Moiyabana 3264
0%
70 Kgatleng Kgatleng Mokatse 4321 village associated locality
0%
306 Central Mahalapye Mokgenene 1000
0%
287 Southern Ngwaketse West Mokhomba 1077
0%
136 Central Mahalapye Mokobeng 2257
0%
117 Central Boteti Mokoboxane 2598
0%
153 Central Tutume Mokubilo 2047
0%
112 Central Bobonong Molalatau 2703
0%
37 Southern Ngwaketse Molapowabojang 8722
0%
149 Central Bobonong Moletemane 2077
0%
98 Central Mahalapye Mookane 3001
0%
246 Central Mahalapye Moralane 1310
0%
157 North East North East Moroka 2000
0%
66 Kgatleng Kgatleng Morwa 4988
0%
151 Central Tutume Mosetse 2064
0%
161 Southern Ngwaketse Moshaneng 1961
0%
186 Kweneng Kweneng West Moshaweng 1700
0%
266 Central Mahalapye Moshopha 1191
0%
272 North East North East Mosojane 1145
0%
130 Central Mahalapye Mosolotshane 2375
0%
187 Central Boteti Mosu 1697
0%
174 Central Bobonong Motlhabaneng 1790
0%
184 Kweneng Kweneng West Motokwe 1720
0%
251 Central Boteti Motopi 1272
0%
256 Central Serowe Palapye Motshegaletau 1238
0%
269 North East North East Mulambakwena 1177
0%
192 Central Tutume Natale 1638
0%
137 Ghanzi Ghanzi Ncojane 2242
0%
194 Ghanzi Ghanzi New Xade 1619
0%
241 North West Ngamiland West Ngarange 1336
0%
275 Kweneng Kweneng West Ngware 1124
0%
74 Central Tutume Nkange 4006
0%
211 North East North East Nlakhwane 1547
0%
120 North West Ngamiland West Nokaneng 2510
0%
124 Central Tutume Nshakashokwe 2491
0%
138 Central Tutume Nswazwi 2239
0%
105 Southern Ngwaketse Ntlhantlhe 2842
0%
217 North West Ngamiland West Nxamasere 1501
0%
254 Kgalagadi Kgalagadi South Omaweneno 1256
0%
45 South East South East Otse 6986
0%
133 Central Mahalapye Otse 2360
0%
232 Central Mahalapye Palla Road/Dinokwe 1392
0%
110 Chobe Chobe Pandamatenga 2750
0%
303 Chobe Chobe Parakarungu 1005
0%
228 Kgalagadi Kgalagadi South Phepheng/Draaihoek 1411
0%
193 Southern Barolong Phitshane Molopo 1625
0%
239 Central Mahalapye Pilikwe 1346
0%
299 Southern Barolong Pitsana-Potokwe 1012
0%
71 Southern Barolong Pitsane Siding 4312
0%
213 Southern Ngwaketse Pitseng 1526
0%
292 Ghanzi Ghanzi Qabo 1042
0%
297 North West Ngamiland West Qangwa 1018
0%
92 Central Serowe Palapye Radisele 3164
0%
159 Southern Barolong Rakhuna 1980
0%
203 Southern Barolong Ramatlabama 1588
0%
76 Central Mahalapye Ramokgonami 3932
0%
207 North East North East Ramokgwebana 1565
0%
90 Southern Ngwaketse Ranaka 3207
0%
135 Central Serowe Palapye Ratholo 2338
0%
116 Kweneng Kweneng West Salajwe 2602
0%
190 North West Ngamiland West Samochema 1667
0%
77 Central Tutume Sebina 3865
0%
61 Central Mahalapye Sefhare 5381
0%
53 Central Bobonong Sefophe 6001
0%
300 Southern Ngwaketse Segwagwa 1008
0%
112 North West Ngamiland East Sehithwa 2703
0%
250 Central Serowe Palapye Sehunou 1274
0%
253 Southern Barolong Sekhutlane 1266
0%
221 Southern Ngwaketse West Sekoma 1471
0%
145 Central Mahalapye Seleka 2115
0%
182 Southern Ngwaketse Selokolela 1750
0%
218 Central Bobonong Semolale 1497
0%
125 Central Tutume Senete 2457
0%
220 North East North East Senyawe 1481
0%
197 Central Serowe Palapye Seolwane 1596
0%
271 Central Tutume Sepako 1152
0%
147 North West Ngamiland West Sepopa 2090
0%
264 Kweneng Kweneng West Serinane 1198
0%
108 North West Ngamiland West Seronga 2796
0%
95 Central Serowe Palapye Serule 3062
0%
47 Southern Ngwaketse Sese 6798
0%
156 Kweneng Kweneng West Sesung 2014
0%
301 Southern Ngwaketse Sesung 1006
0%
31 North West Ngamiland West Shakawe 10589
0%
251 Central Mahalapye Shakwe 1272
0%
260 North East North East Shashe Bridge 1225
0%
57 Central Tutume Shashe-Mooke 5897
0%
79 Central Tutume Shashe/Semotswane 3805
0%
296 North West Ngamiland East Shorobe 1027
0%
236 North East North East Siviya 1366
0%
127 Kweneng Kweneng East Sojwe 2419
0%
293 North West Ngamiland East Somelo 1041
0%
235 Kweneng Kweneng West Sorilatholo 1373
0%
83 Kweneng Kweneng West Takatokwane 3444
0%
226 Central Serowe Palapye Tamasane 1426
0%
27 North East North East Tati Siding 12404
0%
104 Central Serowe Palapye Thabala 2911
0%
101 Kweneng Kweneng West Thebephatshwa Air Base 2929 unaffiliated locality
0%
162 North East North East Themashanga 1955
0%
270 Southern Ngwaketse West Tlhankane 1154
0%
243 Kweneng Kweneng East Tloaneng 1326
0%
98 Central Bobonong Tobane 3001
0%
196 Central Serowe Palapye Topisi 1607
0%
169 North West Ngamiland East Toteng 1854
0%
142 North East North East Tsamaya 2190
0%
143 North West Ngamiland East Tsau 2144
0%
63 Central Bobonong Tsetsebjwe 5248
0%
281 Kgalagadi Kgalagadi North Tshane 1092
0%
131 North East North East Tshesebe 2375
0%
150 Central Serowe Palapye Tshimoyapula 2073
0%
204 Central Bobonong Tshokwe 1586
0%
163 Ghanzi Ghanzi Tsootsha 1911
0%
114 Central Mahalapye Tumasera 2636
0%
24 Central Tutume Tutume 18582
0%
86 Kgalagadi Kgalagadi South Werda 3349
0%
278 Ghanzi Ghanzi West Hanahai 1101
0%
198 North West Ngamiland West Xakao 1594
0%
154 Central Boteti Xhumo 2041
0%
200 Central Tutume Zoroga 1592
0%
178 North East North East Zwenshambe 1776
0%
No matching quizzes found
Score Distribution
Percent of People with Each Score
Percentile by Number Answered
Your Score History
You have not taken this quiz